000 00471nam a2200157Ia 4500
008 151213s9999 xx 000 0 und d
100 _aরামকান্ত সিং
245 _aরোমান আইন।
_cরামকান্ত সিং
250 _a5th
260 _aDhaka
_bরাজু আহমেদ মামুন।
_c2007
300 _a5122 p.
650 _aLaw
650 _aLaw
700 _aরামকান্ত সিং
999 _c3162
_d3162